00243nam a22001097a 4500003000400000082001400004100002000018245004500038250001300083260002900096300000800125SGT a610bC68R aRomanes, G. J.  aCunningham's Manual of Practical Anatomy a13th Ed. bOxford Univ. Pressc1968 a271